[Event "ch-PriFO A"]
[Site "Tolyatti RUS"]
[Date "2011.03.15"]
[Round "6.4"]
[White "Nakhapetiane,P"]
[Black "Filipenko,A"]
[Result "0-1"]
[WhiteElo "2495"]
[BlackElo "2344"]

1.e4 c5 2.Nf3 d6 3.d4 cxd4 4.Nxd4 Nf6 5.Nc3 Nc6 6.Bg5 e6 7.Qd2 a6 8.O-O-O Qb6
9.Nb3 Be7 10.f3 Qc7 11.g4 b5 12.Be3 Bb7 13.Qf2 Nd7 14.g5 Nce5 15.h4 Rc8 16.a3 O-O
17.Bd4 Nc5 18.Rg1 b4 19.axb4 Nxb3+ 20.cxb3 Nc6 21.Bb6 Qb8 22.f4 Nxb4 23.Kb1 Bd8
24.Bxd8 Rfxd8 25.h5 Qc7 26.g6 fxg6 27.hxg6 h6 28.Bh3 Re8 29.Rge1 Rcd8 30.Qd4 a5
31.Qc4 Qe7 32.e5 d5 33.Qd4 Bc6 34.Rf1 Rf8 35.Na4 Bxa4 36.bxa4 Rc8 37.Qb6 Rc6
38.Qxa5 Rb8 39.Rd4 Nc2 40.Rd3 Na3+ 41.Ka1 Nc4 42.Bxe6+ Qxe6 43.Qa7 Rcb6 44.b3 R6b7
45.Qc5 Rxb3 46.Rfd1 R3b4  0-1

[Event "ch-PriFO A"]
[Site "Tolyatti RUS"]
[Date "2011.03.16"]
[Round "7.21"]
[White "Kniazev,Al"]
[Black "Afanasiev,D2"]
[Result "1/2-1/2"]
[WhiteElo "2242"]
[BlackElo "2006"]

1.e4 c5 2.Nf3 d6 3.d4 cxd4 4.Nxd4 Nf6 5.Nc3 Nc6 6.Bg5 e6 7.Qd2 Qb6 8.Nb3 Be7
9.Be3 Qc7 10.f3 a6 11.a4 b6 12.Bd3 O-O 13.O-O Bb7 14.Qf2 Nd7 15.Qg3 Nce5
16.Bd4 Ng6 17.f4 e5 18.Be3 exf4 19.Bxf4 Nde5 20.Kh1 Rac8 21.Nd4 Bf6 22.Nf5 Nxf4
23.Qxf4 Ng6 24.Qxd6 Bxc3 25.bxc3 Rfd8 26.Qb4 Rd7 27.Rab1 Ne5 28.c4 g6 29.Ne3 Qc5
30.Nd5 Bxd5 31.cxd5 Nxd3 32.cxd3 Qxb4 33.Rxb4 Rc3 34.Rd1 Ra3 35.Kg1 Ra2 36.Rxb6 Rc7
37.Kh1 Rcc2 38.Rg1 Rxa4 39.d6 Rd4 40.Rxa6 Rxd3 41.e5 Rc5 42.Ra8+ Kg7 43.Re8 f6
44.Re7+ Kh6 45.exf6 Rxd6 46.f7 Rf6 47.g4 Kg7 48.f8=Q+ Kxf8 49.Rxh7 Rf7 50.Rh8+ Kg7
51.Rd8 Rc2 52.Rd3  1/2-1/2

[Event "ch-PriFO A"]
[Site "Tolyatti RUS"]
[Date "2011.03.17"]
[Round "8.9"]
[White "Frolov,Arti"]
[Black "Davydov,S1"]
[Result "1-0"]
[WhiteElo "2445"]
[BlackElo "2325"]

1.e4 c5 2.Nf3 d6 3.d4 cxd4 4.Nxd4 Nf6 5.Nc3 Nc6 6.Bg5 e6 7.Qd2 a6 8.O-O-O Bd7
9.f3 Be7 10.Be3 Qc7 11.g4 h6 12.h4 Ne5 13.Qg2 g6 14.Qd2 Ng8 15.Bd3 Nc4 16.Bxc4 Qxc4
17.g5 b5 18.h5 b4 19.Nce2 hxg5 20.hxg6 Rxh1 21.Rxh1 fxg6 22.b3 Qc7 23.Bxg5 Qd8
24.Rh8 Bxg5 25.f4 Kf8 26.fxg5 Kg7 27.Nf4 Qe7 28.Qh2 Qxg5 29.Nf3 Qg4 30.e5 Qxf4+
31.Qxf4 Kxh8 32.Ng5  1-0

[Event "1st Alpine Ski Open"]
[Site "Anzere SUI"]
[Date "2011.03.20"]
[Round "7.6"]
[White "Lampert,J"]
[Black "Makawitage,Sandu"]
[Result "1-0"]
[WhiteElo "2130"]
[BlackElo "1775"]

1.e4 c5 2.Nf3 Nc6 3.d4 cxd4 4.Nxd4 Nf6 5.Nc3 d6 6.Bg5 Bd7 7.Qd2 a6 8.f3 e6
9.O-O-O h6 10.Be3 Be7 11.Kb1 b5 12.g4 Nxd4 13.Bxd4 e5 14.Be3 b4 15.Ne2 Be6
16.Ng3 Qa5 17.b3 d5 18.Nh5 Nxh5 19.gxh5 d4 20.Bf2 Bg5 21.Qe1 Qc5 22.h4 Bf6
23.Bh3 Bxh3 24.Rxh3 a5 25.f4 a4 26.fxe5 Bxe5 27.Rhd3 axb3 28.cxb3 Qa5 29.Qe2 O-O
30.Bxd4 Bxd4 31.Rxd4 Rfd8 32.Rxd8+ Rxd8 33.Rd2 Qa8 34.Rd3 Qa5 35.Rxd8+ Qxd8
36.a3 bxa3 37.Ka2 Qxh4 38.b4 Qf6 39.e5 Qe6+ 40.Kxa3 f6 41.Qa2 Kf7 42.b5 Ke7
43.Qxe6+  1-0

[Event "Caissa GM March 2011"]
[Site "Kecskemet HUN"]
[Date "2011.03.20"]
[Round "3.2"]
[White "Antal,T"]
[Black "Sarosi,Z"]
[Result "0-1"]
[WhiteElo "2291"]
[BlackElo "2313"]

1.e4 c5 2.Nf3 Nc6 3.d4 cxd4 4.Nxd4 Nf6 5.Nc3 d6 6.Bg5 Qb6 7.Nb3 e6 8.Bxf6 gxf6
9.Qd2 a6 10.f4 Bd7 11.O-O-O O-O-O 12.a3 Kb8 13.Be2 h5 14.Kb1 Be7 15.Rhf1 Na5
16.Nxa5 Qxa5 17.Rf3 Rdg8 18.Bf1 Bc6 19.Re3 Bd7 20.Rd3 Bc6 21.Qe2 Re8 22.g3 f5
23.exf5 Qxf5 24.Bg2 d5 25.Qf2 h4 26.Ne2 hxg3 27.hxg3 Rc8 28.Nd4 Qf6 29.c4 Ba4
30.Rc1 e5 31.Ne2 Bc5 32.Qe1 Qf5 33.Qd2 dxc4 34.Rxc4 Bb5 35.Be4 Qe6 36.Bd5 Qe7
37.Re4 Bxd3+ 38.Qxd3 f6 39.Nc3 Qd6 40.fxe5 fxe5 41.Rg4 Bd4 42.Ka2 Rxc3 43.bxc3 Qxd5+  0-1

[Event "Kiev Spring 2011"]
[Site "Kiev UKR"]
[Date "2011.03.21"]
[Round "4.17"]
[White "Motsar,Irina"]
[Black "Sheyin,A"]
[Result "1-0"]
[WhiteElo "2093"]
[BlackElo "1977"]

1.e4 c5 2.Nf3 d6 3.d4 cxd4 4.Nxd4 Nf6 5.Nc3 Nc6 6.Bg5 e6 7.Qd2 a6 8.O-O-O h6
9.Bxf6 gxf6 10.f4 Bd7 11.f5 b5 12.Kb1 Ne5 13.fxe6 fxe6 14.Bd3 h5 15.h3 Bh6
16.Qf2 b4 17.Nce2 a5 18.Rhf1 Bg7 19.Nf4 Ke7 20.Nf3 Be8 21.Nxe5 dxe5 22.Nxe6 Kxe6
23.Bc4+ Ke7 24.Qc5+  1-0

[Event "Skopje Spring Open 2011"]
[Site "Skopje MKD"]
[Date "2011.03.21"]
[Round "3"]
[White "Ilic,Ljubo"]
[Black "Mitkovski,Z"]
[Result "1-0"]
[WhiteElo "2222"]
[BlackElo "2165"]

1.e4 c5 2.Nf3 Nc6 3.d4 cxd4 4.Nxd4 Nf6 5.Nc3 d6 6.Bg5 Bd7 7.Qd2 e6 8.Ndb5 Qa5
9.Bxf6 gxf6 10.Nxd6+ Bxd6 11.Qxd6 O-O-O 12.O-O-O Ne5 13.Be2 Rhe8 14.a3 Bc6
15.Qb4 Qxb4 16.axb4 Rg8 17.Rxd8+ Kxd8 18.g3 Ke7 19.b5 Bd7 20.Kd2 Rd8 21.Ke3 Kd6
22.f4 Ng6 23.Ra1 Ra8 24.Na4 Kc7 25.b4 Ne7 26.c4 Rd8 27.Nc5 Kb8 28.Rd1 Kc7
29.Bh5 Ng6 30.Bxg6 fxg6 31.e5 fxe5 32.fxe5 b6 33.Ne4 Rf8 34.Nd6 g5 35.c5 g4
36.c6 Bc8 37.Rd4 h5 38.Rf4 Rxf4 39.Kxf4 a5 40.bxa5 bxa5 41.Ke4 Kb6 42.Kd4 a4
43.Kc4 a3 44.Nxc8+ Ka5 45.Kb3 Kxb5 46.Ne7  1-0

[Event "ch-Moscow S/F 2011"]
[Site "Moscow RUS"]
[Date "2011.03.22"]
[Round "6"]
[White "Eliseev,U"]
[Black "Ulko,J"]
[Result "1-0"]
[WhiteElo "2359"]
[BlackElo "2476"]

1.e4 c5 2.Nf3 d6 3.d4 cxd4 4.Nxd4 Nf6 5.Nc3 Nc6 6.Bg5 e6 7.Qd2 Be7 8.O-O-O Nxd4
9.Qxd4 O-O 10.f3 a6 11.Qd2 b5 12.h4 Bb7 13.Ne2 Rc8 14.Nd4 Nd7 15.Qe3 Nc5
16.Bxe7 Qxe7 17.g4 b4 18.g5 a5 19.h5 a4 20.Kb1 d5 21.e5 Ba6 22.Bxa6 Nxa6
23.f4 a3 24.g6 fxg6 25.hxg6 h6 26.Rh5 Nc5 27.f5 exf5 28.Nxf5 Rxf5 29.Rxf5 Qe6
30.Rf4 Qxg6 31.Rg1 Qc6 32.Rf6 Ne6 33.Rxg7+ Nxg7 34.Rxc6 Rxc6 35.Qd3 axb2
36.Qxd5+ Re6 37.Kxb2 h5 38.Kb3 Kf7 39.Kxb4 Nf5 40.Kc5 Ne7 41.Qb3 Ng6 42.Kd4 Nxe5
43.Qh3 Nc6+ 44.Kc5 Rh6 45.a4 h4 46.c4 Kg7 47.Kb6 Nd4+ 48.Kb7 Ne6 49.Kb8 Ng5
50.Qf5 Rh5 51.Qe5+ Kg6 52.Qe8+ Nf7 53.a5 h3 54.a6 h2 55.Qe4+ Kf6 56.Qf3+ Kg6
57.Qe4+ Kf6 58.Qf3+ Kg6 59.Qh1 Nd6 60.a7 Rh8+ 61.Kc7 Nf5 62.a8=Q Rxa8 63.Qxa8 Ng3
64.Qg8+  1-0

[Event "ch-Moscow S/F 2011"]
[Site "Moscow RUS"]
[Date "2011.03.24"]
[Round "7"]
[White "Iljiushenok,I"]
[Black "Tilicheev,V"]
[Result "1/2-1/2"]
[WhiteElo "2424"]
[BlackElo "2336"]

1.e4 c5 2.Nf3 d6 3.d4 cxd4 4.Nxd4 Nf6 5.Nc3 Nc6 6.Bg5 e6 7.Qd2 a6 8.O-O-O Bd7
9.f3 Be7 10.g4 h5 11.gxh5 Nxh5 12.Bxe7 Qxe7 13.Rg1 O-O-O 14.Nb3 Kb8 15.Kb1 Bc8
16.Qe3 f6 17.h4 d5 18.Be2 d4 19.Nxd4 Nxd4 20.Rxd4 Qc5 21.Rd3 Qxe3 22.Rxe3 Nf4
23.Rxg7 Rxh4 24.Rg1 Rh2 25.e5 f5 26.Kc1 b5 27.Rd1 Rxd1+ 28.Bxd1 Bb7 29.Ne2 Nxe2+
30.Rxe2 Rh1 31.Rf2 f4 32.Kd2 Rh5 33.Re2 Bxf3 34.Rf2 Bxd1 35.Kxd1 Rxe5 36.Rxf4 Kb7
37.Kd2 Kc6 38.Rf8 Rh5 39.Ra8 Kb7 40.Re8 Rh2+  1/2-1/2

[Event "ch-VIE Men"]
[Site "Da Lat VIE"]
[Date "2011.03.25"]
[Round "8.1"]
[White "Cao,S"]
[Black "Nguyen Huynh Minh Huy"]
[Result "1/2-1/2"]
[WhiteElo "2557"]
[BlackElo "2451"]

1.e4 c5 2.Nf3 d6 3.Nc3 Nf6 4.d4 cxd4 5.Nxd4 Nc6 6.Bg5 Bd7 7.Qd2 Rc8 8.Nxc6 Bxc6
9.f3 e6 10.O-O-O Be7 11.Kb1 O-O 12.h4 Qc7 13.Bd3 Kh8 14.g4 d5 15.exd5 Nxd5
16.Nxd5 Bxd5 17.Rhf1 Rfd8 18.Bxe7 Qxe7 19.h5 h6 20.Qe2 e5 21.Ka1 Qf6 22.Rde1 Re8
23.c4 Bc6 24.Bb1 Kg8 25.Qc2 Kf8 26.Qh7 Rcd8 27.f4 e4 28.Bxe4 Bxe4 29.Rxe4 Rxe4
30.Qxe4 Qd4 31.Qc2 Rc8 32.Qh7 Qxc4 33.Rb1 Rc6 34.Qh8+ Ke7 35.Qxg7 Qxf4 36.a3 Rc1  1/2-1/2

[Event "Skopje Spring Open 2011"]
[Site "Skopje MKD"]
[Date "2011.03.25"]
[Round "7"]
[White "Ilic,Ljubo"]
[Black "Stojkovska,M"]
[Result "1-0"]
[WhiteElo "2222"]
[BlackElo "1914"]

1.e4 c5 2.Nf3 Nc6 3.d4 cxd4 4.Nxd4 Nf6 5.Nc3 d6 6.Bg5 e6 7.Qd2 a6 8.O-O-O h6
9.Be3 Be7 10.f3 Nxd4 11.Bxd4 e5 12.Be3 Be6 13.Kb1 Rc8 14.g4 Qa5 15.a3 Rxc3
16.Qxc3 Qxc3 17.bxc3 d5 18.exd5 Nxd5 19.Bd2 Nb6 20.Bd3 Bd5 21.Rhf1 Bxa3 22.Rde1 Bd6
23.f4 Nd7 24.fxe5 Nxe5 25.Be4 Bxe4 26.Rxe4 O-O 27.Bf4 f6 28.h3 b5 29.Rd1 Bc7
30.Kb2 Rc8 31.Kb3 a5 32.Bxe5 Bxe5 33.c4 Rb8 34.c5 Kf8 35.Rd7 Rc8 36.Rd5 Ra8
37.c6 Rb8 38.Rexe5 fxe5 39.c7 Re8 40.Rd8  1-0

[Event "TCh-HUN 2010-11"]
[Site "Budapest HUN"]
[Date "2011.03.27"]
[Round "7"]
[White "Lorand,N"]
[Black "Boros,De"]
[Result "1/2-1/2"]
[WhiteElo "2369"]
[BlackElo "2508"]

1.e4 c5 2.Nf3 d6 3.d4 cxd4 4.Nxd4 Nf6 5.Nc3 Nc6 6.Bg5 e6 7.Qd2 a6 8.O-O-O Be7
9.f4 Rb8 10.Be2 O-O 11.e5 dxe5 12.Nxc6 bxc6 13.Qxd8 Bxd8 14.fxe5 Nd7 15.Bxd8 Rxd8
16.Rd6 Re8 17.Bxa6 Nxe5 18.Bxc8 Rexc8 19.b3 c5 20.Re1 Nc6 21.a3 Kf8 22.Na4 Ke7
23.Rd5 c4 24.b4 f6 25.Rc5 Nd4 26.Kb2 e5 27.c3 Nf5 28.Rxc8 Rxc8 29.Nc5 Kd6
30.g4 Nh4 31.Rd1+ Kc6 32.Rd7 Re8 33.Kc2 e4 34.Rd4 Nf3 35.Rxe4 Rxe4 36.Nxe4 Nxh2
37.Nf2 Kb5 38.Kd2 Nf3+ 39.Ke3 Ne5 40.Kd4 Ka4 41.Kd5 Kxa3  1/2-1/2

[Event "ch-Moscow S/F 2011"]
[Site "Moscow RUS"]
[Date "2011.03.27"]
[Round "9"]
[White "Iljiushenok,I"]
[Black "Demianjuk,A"]
[Result "1-0"]
[WhiteElo "2424"]
[BlackElo "2316"]

1.e4 c5 2.Nf3 d6 3.d4 cxd4 4.Nxd4 Nf6 5.Nc3 Nc6 6.Bg5 e6 7.Qd2 a6 8.O-O-O Bd7
9.f3 Be7 10.h4 h6 11.Be3 h5 12.Kb1 Qc7 13.Bg5 Ne5 14.Bd3 b5 15.Rhe1 Nc4 16.Bxc4 Qxc4
17.e5 b4 18.Ne4 dxe5 19.Nf5 exf5 20.Nxf6+ gxf6 21.Qxd7+ Kf8 22.Rxe5 fxe5
23.Qxe7+ Kg8 24.Qxe5 Rc8 25.Qxf5 Qe6 26.Qxe6 fxe6 27.Rd6 Rh7 28.Rxe6 Rd7
29.Kc1 Kf7 30.Rf6+ Kg7 31.Rxa6 Re8 32.c3 b3 33.Bf6+ Kh7 34.Bd4 Re1+ 35.Kd2 Ra1
36.Ra3 bxa2 37.Kc2 Re1 38.Rxa2 Re2+ 39.Kd3 Rxg2 40.Ra5 Rxb2 41.Rxh5+ Kg6
42.Rg5+ Kh6 43.Rg8 Rh2 44.Rh8+ Kg6 45.Ke4 Re2+ 46.Kf4 Rf7+ 47.Kg3 Re1 48.Kg4 Rfe7
49.h5+ Kf7 50.Kf5 R7e3 51.f4 Rh3 52.Rh7+ Kg8 53.Ra7 Re8 54.Kg4 Rh2 55.f5 Re4+
56.Kg5 Reh4 57.Kg6 Rg4+ 58.Kh6 Kf8 59.f6 Rxd4 60.cxd4 Rd2 61.Kg6 Rg2+ 62.Kf5 Rf2+
63.Ke6 Re2+ 64.Kd6 Rf2 65.d5 Rxf6+ 66.Kc5 Ke8 67.d6 Rf1 68.h6 Rc1+ 69.Kb4  1-0

[Event "12th ch-EUR"]
[Site "Aix-les-Bains FRA"]
[Date "2011.04.02"]
[Round "11.85"]
[White "Alsina Leal,D"]
[Black "Wittmann,W"]
[Result "1-0"]
[WhiteElo "2538"]
[BlackElo "2291"]

1.e4 c5 2.Nf3 d6 3.d4 cxd4 4.Nxd4 Nf6 5.Nc3 Nc6 6.Bg5 e6 7.Qd2 Be7 8.O-O-O Nxd4
9.Qxd4 O-O 10.f4 h6 11.h4 Qa5 12.Qe3 Rd8 13.Bd3 Kf8 14.e5 dxe5 15.fxe5 Ng4
16.Bxe7+ Kxe7 17.Qg3 h5 18.Rde1 Bd7 19.Qf4 Rh8 20.Qg5+ Kf8 21.Rhf1 Be8 22.Qf4 Rc8
23.Kb1 Kg8 24.Nb5 Rd8 25.Nd6 Qc7 26.Re4 a6 27.Rd4 Qe7 28.c3 f6 29.exf6 gxf6
30.Qg3 Bc6 31.Bc2 e5 32.Nf5 Qc7 33.Rxd8+ Qxd8 34.Rd1 Qb6 35.Qd3 Kf7 36.Qc4+ Kg6
37.Ne7+ Kg7 38.Nf5+ Kg6 39.Nd6+ Kh6 40.Nf7+  1-0

[Event "12th ch-EUR"]
[Site "Aix-les-Bains FRA"]
[Date "2011.04.02"]
[Round "11.72"]
[White "Zhigalko,A"]
[Black "Dembo,Y"]
[Result "0-1"]
[WhiteElo "2571"]
[BlackElo "2457"]

1.e4 c5 2.Nf3 d6 3.d4 cxd4 4.Nxd4 Nf6 5.Nc3 Nc6 6.Bg5 e6 7.Qd2 a6 8.O-O-O Bd7
9.f4 b5 10.Bxf6 gxf6 11.Nxc6 Bxc6 12.Qe3 Qe7 13.Bd3 Qa7 14.Qh3 b4 15.Ne2 Qc5
16.Kb1 h5 17.Nc1 a5 18.Nb3 Qb6 19.Bc4 Bd7 20.f5 e5 21.Bd5 Rc8 22.Nd2 a4 23.Rhe1 Bb5
24.a3 Qc5 25.axb4 Qxb4 26.c3 Qc5 27.Kc2 Rb8 28.Qe3 Qc7 29.Nb1 Bh6 30.Qf2 Ke7
31.Na3 Ba6 32.Kb1 Rb6 33.Bc4 Bxc4 34.Nxc4 Rb3 35.Qe2 Rhb8 36.Ka2 a3 37.Nxa3 Qa5
38.c4 Qa4 39.Rd3 Rxb2+ 40.Qxb2 Rxb2+ 41.Kxb2 Qb4+  0-1

[Event "12th ch-EUR"]
[Site "Aix-les-Bains FRA"]
[Date "2011.04.02"]
[Round "11.92"]
[White "Mazur,Ste"]
[Black "Conquest,S"]
[Result "0-1"]
[WhiteElo "2388"]
[BlackElo "2529"]

1.e4 c5 2.Nf3 d6 3.d4 cxd4 4.Nxd4 Nf6 5.Nc3 Nc6 6.Bg5 Qb6 7.Nb3 e6 8.Bxf6 gxf6
9.Qh5 Bd7 10.Bd3 Rg8 11.O-O Rg7 12.Kh1 Ne5 13.f4 Ng4 14.Nd1 f5 15.exf5 Bc6
16.Qh3 O-O-O 17.fxe6 fxe6 18.Be2 h5 19.a4 Nxh2 20.Kxh2 Rxg2+ 21.Qxg2 Bxg2
22.Kxg2 Bh6 23.Nc3 Rg8+ 24.Kh3 Bxf4 25.Rf3 d5 26.Raf1 e5 27.Rxf4 exf4 28.Bf3 Rg3+
29.Kh2 Qf6 30.Bg2 Qh4+ 31.Kg1 Qh3 32.Rf2 f3 33.Ne2 Rxg2+ 34.Rxg2 Qxg2+  0-1

[Event "FSGM April"]
[Site "Budapest HUN"]
[Date "2011.04.02"]
[Round "1"]
[White "Tesik,C"]
[Black "Szabo,Ben"]
[Result "1/2-1/2"]
[WhiteElo "2299"]
[BlackElo "2359"]

1.e4 c5 2.Nf3 Nc6 3.d4 cxd4 4.Nxd4 Nf6 5.Nc3 d6 6.Bg5 e6 7.Qd2 Qb6 8.Nb3 Be7
9.O-O-O O-O 10.f3 Rd8 11.Nb5 Rd7 12.Be3 Qd8 13.N5d4 Ne5 14.g4 d5 15.g5 Nh5
16.exd5 Rxd5 17.f4 Ng4 18.Bc4 Rd7 19.Rhg1 Nxe3 20.Qxe3 Qc7 21.Bb5 Rd5 22.f5 e5
23.f6 Bf8 24.fxg7 Bxg7 25.Qe4 Nf4 26.Ne2 Rxd1+ 27.Rxd1 Bg4  1/2-1/2

[Event "Telin International Open"]
[Site "Jakarta INA"]
[Date "2011.04.03"]
[Round "3.1"]
[White "Sukandar,I"]
[Black "Zhang Zhong"]
[Result "0-1"]
[WhiteElo "2354"]
[BlackElo "2592"]

1.e4 c5 2.Nf3 Nc6 3.d4 cxd4 4.Nxd4 Nf6 5.Nc3 d6 6.Bg5 e6 7.Qd2 a6 8.O-O-O Bd7
9.f4 b5 10.Nxc6 Bxc6 11.Qe1 Be7 12.Bd3 b4 13.Bxf6 gxf6 14.Ne2 Qb6 15.f5 e5
16.Ng3 a5 17.Bc4 a4 18.Qe2 Qc5 19.Kb1 Rg8 20.Bd5 a3 21.Rhf1 axb2 22.Rf3 Bxd5
23.Rxd5 Qa7 24.Qc4 Kf8 25.Rb5 Qg1+ 26.Kxb2 Qxh2 27.Nf1 Qxg2 28.Rb3 Qf2 29.Ne3 Rg1
30.Qc6 Qe1 31.Qxa8+ Kg7 32.Nd1 Qxd1 33.R5xb4 Qc1+ 34.Kc3 Qe3+ 35.Kb2 Qc1+
36.Kc3 Rg2 37.Rb2 d5  0-1

[Event "TCh-NED"]
[Site "Netherlands NED"]
[Date "2011.04.09"]
[Round "8.4"]
[White "Lubbe,N"]
[Black "Hoeksema,E"]
[Result "1/2-1/2"]
[WhiteElo "2367"]
[BlackElo "2312"]

1.e4 c5 2.Nf3 d6 3.d4 cxd4 4.Nxd4 Nf6 5.Nc3 Nc6 6.Bg5 e6 7.Qd2 a6 8.O-O-O Bd7
9.f3 b5 10.Nxc6 Bxc6 11.Ne2 Bb7 12.h4 Rc8 13.Nd4 Be7 14.Bd3 O-O 15.Kb1 Nd7
16.Qe3 Re8 17.f4 Qb6 18.Bxe7 Rxe7 19.Rhe1 g6 20.e5 Rc5 21.exd6 Qxd6 22.h5 Nf6
23.hxg6 hxg6 24.f5 Nd5 25.Qh6 Qf4 26.Qxf4 Nxf4 27.fxg6 Nxg2 28.gxf7+ Kxf7
29.Rh1 Rg5 30.Rh7+ Rg7 31.Rf1+ Kg8 32.Rh6 Bd5 33.b3 Ne3 34.Re1 Ng4 35.Rh4 Nf2
36.Rh2 Nxd3 37.cxd3 Kf7 38.Rhe2 Rg6 39.Re5 Rd7 40.Rh5 Rg4 41.Rh7+ Ke8 42.Rh8+ Kf7
43.Rh7+ Ke8 44.Rh8+ Kf7 45.Rh7+  1/2-1/2

[Event "TCh-CZE 2010-11"]
[Site "Czech Rep CZE"]
[Date "2011.04.16"]
[Round "10.7"]
[White "Walek,M"]
[Black "Neckar,L"]
[Result "0-1"]
[WhiteElo "2381"]
[BlackElo "2349"]

1.e4 c5 2.Nf3 d6 3.d4 cxd4 4.Nxd4 Nf6 5.Nc3 Nc6 6.Bg5 e6 7.Qd2 a6 8.O-O-O Be7
9.f4 Nxd4 10.Qxd4 b5 11.Be2 Bb7 12.Bf3 Rc8 13.Kb1 Qc7 14.e5 dxe5 15.fxe5 Bxf3
16.gxf3 Nd5 17.Nxd5 Qxc2+ 18.Ka1 Bxg5 19.Nb4 Qc7 20.Nxa6 Qc6 21.Nb4 Qb7 22.Qg4 Bh6
23.Rd4 O-O 24.a3 g6 25.Rhd1 Bg7 26.f4 Rc4 27.Qe2 Rfc8 28.h4 Bf8 29.Na2 Qb6
30.Rxc4 Rxc4 31.Nc3 Bxa3 32.Ne4 Be7 33.Qd3 Kg7 34.h5 Qc6 35.h6+ Kxh6 36.Nc3 b4
37.Ne2 Kg7 38.f5 exf5 39.b3 Rg4 40.Nd4 Qa8+ 41.Kb2 Rg2+ 42.Nc2 Qe4 43.Qxe4 fxe4
44.Re1 h5 45.Rxe4 h4 46.Re3 g5 47.Kc1 g4 48.Kd1 h3  0-1

[Event "Norsk Open A"]
[Site "Fagernes NOR"]
[Date "2011.04.17"]
[Round "2"]
[White "Rodvik,Trym Daniel"]
[Black "Getz,N"]
[Result "0-1"]
[WhiteElo "1782"]
[BlackElo "2333"]

1.e4 c5 2.Nf3 Nc6 3.d4 cxd4 4.Nxd4 Nf6 5.Nc3 d6 6.Bg5 e6 7.Qd2 a6 8.f3 h6
9.Be3 Bd7 10.g4 b5 11.Nxc6 Bxc6 12.O-O-O Rc8 13.Bd3 Nd7 14.f4 Nc5 15.Kb1 Qc7
16.Bxc5 dxc5 17.Qe3 Be7 18.Rhe1 c4 19.Bf1 O-O 20.e5 b4 21.Ne4 Bd5 22.g5 hxg5
23.Nxg5 b3 24.cxb3 cxb3 25.Bd3 bxa2+ 26.Ka1 Bxg5 27.fxg5 Rb8 28.g6 Qb6 29.gxf7+ Rxf7
30.Qxb6 Rxb6 31.Be4 Bxe4 32.Rd8+ Kh7 33.Rxe4 Rf2 34.Rh4+ Kg6 35.Kxa2 Rfxb2+
36.Ka3 Rb1 37.Ka2 R1b5 38.Ka3 Rxe5 39.Rd7 Ra5+ 40.Ra4 Rxa4+ 41.Kxa4 e5 42.Ka5 Re6
43.Kb4 e4 44.Rd2 e3 45.Re2 Kf5 46.Kc3 Ke4 47.Kc2 Kf3  0-1

[Event "Norsk Open A"]
[Site "Fagernes NOR"]
[Date "2011.04.17"]
[Round "8"]
[White "Rodvik,Trym Daniel"]
[Black "Torgersen,T"]
[Result "1/2-1/2"]
[WhiteElo "1782"]
[BlackElo "2041"]

1.e4 c5 2.Nf3 Nc6 3.d4 cxd4 4.Nxd4 Nf6 5.Nc3 d6 6.Bg5 e6 7.Qd2 Be7 8.f3 a6
9.O-O-O Nxd4 10.Qxd4 Qa5 11.Bxf6 gxf6 12.Qa4+ Qxa4 13.Nxa4 b5 14.Nb6 Rb8
15.Nxc8 Rxc8 16.a4 Rb8 17.axb5 axb5 18.Rd4 Kd7 19.Be2 Rb6 20.f4 Ra8 21.Kd2 b4
22.f5 Bf8 23.Bc4 Bh6+ 24.Kd3 Bf4 25.Ke2 Be5 26.Rd3 Bxb2 27.Rb1 Be5 28.Rh3 Rh8
29.c3 Rc8 30.fxe6+ Ke7 31.Bd5 fxe6 32.Rxh7+ Kd8 33.Rh8+ Kc7 34.Rxc8+ Kxc8
35.Bxe6+ Kc7 36.cxb4 Bxh2 37.b5 Be5 38.Bd5 Rb8 39.Bc6 Kb6 40.Rh1 Rg8 41.Kf2 Rg7
42.Rh8 Ra7 43.Rg8 Ra2+ 44.Kf1 Kc5 45.g3 Rb2 46.Rg6 Kd4 47.Rh6  1/2-1/2

[Event "Branko Vukmanovic Mem Open"]
[Site "Tivat MNE"]
[Date "2011.04.17"]
[Round "2.11"]
[White "Krivokapic,M"]
[Black "Vojinovic,J"]
[Result "1-0"]
[WhiteElo "2426"]
[BlackElo "2278"]

1.e4 c5 2.Nf3 d6 3.d4 cxd4 4.Nxd4 Nf6 5.Nc3 Nc6 6.Bg5 e6 7.Qd2 Qb6 8.Nb3 Be7
9.O-O-O O-O 10.h4 Rd8 11.f3 d5 12.exd5 Nxd5 13.Nxd5 Rxd5 14.Bd3 Nb4 15.Bxe7 Nxd3+
16.cxd3 Qc7+ 17.Bc5 b6 18.h5 h6 19.Qc3 bxc5 20.Rh4 Ba6 21.Rg4 e5 22.Ra4 Bb5
23.Ra5 Qc6 24.Re1 a6 25.a4 Bxa4 26.Rxc5 Qb7 27.Rxd5 Qxd5 28.Nc5 Rc8 29.Rxe5 Qa2
30.Kd2 Rb8 31.Nxa4 Qxa4 32.Rc5 Qf4+ 33.Kc2 Qa4+ 34.b3 Qe8 35.Kb2 Rd8 36.Re5 Qd7
37.Re4 Qxd3 38.Re8+ Kh7 39.Rxd8 Qxd8 40.Qc4 Qf6+ 41.Ka3 Qg5 42.g4 Qa5+ 43.Kb2 Kg8
44.b4 Qe5+ 45.Kb3 Qa1 46.Qc8+ Kh7 47.Qf5+ Kg8 48.Qd3 Qf6 49.Qd5 Qa1 50.Qd8+ Kh7
51.Qd3+ Kg8 52.Kc4 Qc1+ 53.Kd5 Qc8 54.Kd4 Qd7+ 55.Kc3 Qa4 56.Qe4 Qa3+ 57.Kc4 Qc1+
58.Kd5 Qc8 59.Kd6 Qb8+ 60.Kc6 Qb5+ 61.Kc7 f6 62.Qe6+ Kh8 63.Qc8+ Kh7 64.Qf5+  1-0

[Event "ch-BLR u20 Women"]
[Site "Minsk BLR"]
[Date "2011.04.19"]
[Round "6"]
[White "Stetsko,L"]
[Black "Kusenkova,Natal"]
[Result "0-1"]
[WhiteElo "2154"]
[BlackElo "2047"]

1.e4 c5 2.Nf3 d6 3.d4 cxd4 4.Nxd4 Nf6 5.Nc3 Nc6 6.Bg5 Bd7 7.Qd2 Rc8 8.f4 a6
9.O-O-O h6 10.Bxf6 gxf6 11.Nxc6 Bxc6 12.Bc4 b5 13.Bb3 h5 14.Kb1 Bg7 15.Qe3 a5
16.Bd5 Bd7 17.f5 b4 18.Ne2 a4 19.Nd4 Qa5 20.Qg3 Kf8 21.Rd3 Bb5 22.Be6 Bxd3
23.Bxc8 Bxe4 24.Re1 Bd5 25.Bd7 Bh6 26.Bc6 Qc5 27.Bxd5 Qxd5 28.Qd3 Bf4 29.Qe4 Qxe4
30.Rxe4 Bxh2 31.Nf3 Be5 32.Rxb4 Rg8 33.Nxe5 fxe5 34.Rb8+ Kg7 35.Rxg8+ Kxg8
36.b4 Kf8 37.a3 Ke8 38.c4 Kd7 39.Kc2 e6 40.fxe6+ fxe6 41.Kd3 d5 42.c5 Kc6
43.Kc3 e4 44.Kd4 Kb5 45.g3 Kc6  0-1

[Event "VII Lubuska Open"]
[Site "Gorzow POL"]
[Date "2011.04.20"]
[Round "2"]
[White "Aliavdin,N"]
[Black "Wisniowska,K"]
[Result "1-0"]
[WhiteElo "2387"]
[BlackElo "2011"]

1.e4 c5 2.Nf3 d6 3.d4 cxd4 4.Nxd4 Nf6 5.Nc3 Nc6 6.Bg5 e6 7.Qd2 a6 8.O-O-O Bd7
9.f3 Be7 10.h4 h6 11.Be3 h5 12.Bg5 Qc7 13.Kb1 Ne5 14.Bd3 b5 15.Rhe1 b4 16.Nce2 a5
17.Nf4 Qc5 18.Bf1 a4 19.Nd3 Nxd3 20.Qxd3 a3 21.b3 O-O 22.Be3 Qe5 23.Bd2 d5
24.exd5 Qxd5 25.Nf5 Bc5 26.Be3 Ra5 27.Bxc5 Qxc5 28.Ne3 Qc7 29.Qd6 Qb7 30.Bc4 Bc6
31.Rd2 Ne8 32.Qf4 Nc7 33.Red1 Nb5 34.Bxb5 Qxb5 35.Nc4 Ra7 36.Qe5 Bd5 37.Ne3 Rd7
38.Qxh5 Rfd8 39.Qg5 f6 40.Qg4 Qc5 41.Nxd5 exd5 42.Qd4 Qd6 43.g4 Re8 44.h5 Re5
45.Qd3 Qe7 46.Qd4 Re3 47.Qf4 Qc5 48.h6 Qc3 49.Qd4 Rxf3 50.hxg7 Kxg7 51.Kc1 Rf4
52.Qxc3 bxc3 53.Rd3 Rxg4 54.Rxc3 Re4 55.Rc5 d4 56.Kd2 Re5 57.Rc6 Rg5 58.Re1 Rdd5
59.Re2 Rg3 60.Rf2 f5 61.Re2 Rd7 62.Rf2 Rd5 63.Ra6 Rc3 64.Rxa3 Rdc5 65.Kd1 Kf6
66.Ra8 d3 67.cxd3 Rxd3+ 68.Ke2 Rg3 69.Kd2 Rgc3 70.Rf8+ Ke6 71.R8xf5 Rc2+
72.Ke3 Rxf2 73.Rxf2 Kd6 74.Kd4 Kc6 75.Rf6+ Kb5 76.a4+ Ka5 77.Ra6+ Kb4 78.Rb6+  1-0

[Event "Branko Vukmanovic Mem Open"]
[Site "Tivat MNE"]
[Date "2011.04.20"]
[Round "5.5"]
[White "Djukic,Ni"]
[Black "Arsovic,Z"]
[Result "1/2-1/2"]
[WhiteElo "2494"]
[BlackElo "2466"]

1.e4 c5 2.Nf3 d6 3.d4 cxd4 4.Nxd4 Nf6 5.Nc3 Nc6 6.Bg5 e6 7.Qd2 Qb6 8.O-O-O Qxd4
9.Qxd4 Nxd4 10.Rxd4 a6 11.f3 Be7 12.Bc4 Bd7 13.Rhd1 Bc6 14.Bb3 d5 15.e5 Nd7
16.Bxe7 Kxe7 17.f4 g6 18.Ne2 Bb5 19.Ng1 Rac8 20.c3 g5 21.a4 Bc6 22.Nf3 gxf4
23.Rxf4 Rhg8 24.g4 d4 25.Nxd4 Nxe5 26.h3 h5 27.Nxc6+ bxc6 28.Re4 f6 29.Rg1 Rg5
30.Kb1 c5 31.Bd1 hxg4 32.hxg4 Rh8 33.a5 c4 34.Be2 Rc8 35.Rh1 Rg7 36.Kc2 Rc5
37.Rh8 Rxa5 38.Ra8 Rd5 39.Rxa6 Rd6 40.Ra4 Rc6 41.Rd4 f5 42.gxf5 exf5 43.Bxc4 Rg2+
44.Kb1 Rb6 45.Ra7+ Kf6 46.Bb5 Nc6 47.Rd6+ Ke5 48.Rxc6 Rxb5 49.b4 Rd5 50.Re7+ Kf4
51.Rc4+ Kf3 52.Rd4 Rxd4 53.cxd4 Rd2 54.Rd7 Rh2 55.b5 Rh6 56.Kc2 Rb6 57.Rd5 Ke4
58.Re5+  1/2-1/2

[Event "Branko Vukmanovic Mem Open"]
[Site "Tivat MNE"]
[Date "2011.04.20"]
[Round "5.10"]
[White "Bellia,F"]
[Black "Vojinovic,J"]
[Result "1/2-1/2"]
[WhiteElo "2421"]
[BlackElo "2278"]

1.e4 c5 2.Nf3 d6 3.d4 cxd4 4.Nxd4 Nf6 5.Nc3 Nc6 6.Bg5 e6 7.Qd2 Qb6 8.Nb3 Be7
9.Be2 O-O 10.O-O Rd8 11.Be3 Qc7 12.Rfd1 a6 13.a4 b6 14.f3 Nd7 15.Qe1 Bb7
16.Qg3 Nb4 17.Rd2 Re8 18.Rad1 Rab8 19.Bf4 e5 20.Bh6 Bf8 21.Be3 Nf6 22.Bg5 Nd7
23.Be3 Nf6 24.Qf2 Ba8 25.Qf1 Bb7 26.Qf2 Ba8 27.Nb1 Bc6 28.Nc3  1/2-1/2

[Event "VII Lubuska Open"]
[Site "Gorzow POL"]
[Date "2011.04.21"]
[Round "4"]
[White "Aliavdin,N"]
[Black "Dragun,K"]
[Result "1/2-1/2"]
[WhiteElo "2387"]
[BlackElo "2431"]

1.e4 c5 2.Nf3 d6 3.d4 cxd4 4.Nxd4 Nf6 5.Nc3 Nc6 6.Bg5 e6 7.Qd2 a6 8.O-O-O Bd7
9.f3 Be7 10.Be3 b5 11.Nxc6 Bxc6 12.Ne2 O-O 13.Nd4 Bb7 14.g4 Nd7 15.Rg1 d5
16.exd5 Bxd5 17.f4 Nb6 18.g5 Qc7 19.f5 Nc4 20.Bxc4 Qxc4 21.b3 Qb4 22.Qf2 Qc3
23.Kb1 Ba3 24.Bc1 Bxc1 25.Rxc1 e5 26.Ne2 Qf3 27.Qxf3 Bxf3 28.Ng3 Rad8 29.f6 g6
30.Rge1 Rd2 31.Rxe5 Rxh2 32.Rf1 Bg4 33.Rf4 Be6 34.Re2 Rxe2 35.Nxe2 h6 36.gxh6 Kh7
37.a4 Kxh6 38.axb5 axb5 39.Nd4 g5 40.Rf1 Bd7 41.Kb2 g4 42.Kc3 Kg5 43.Kb4 Re8
44.Nxb5 Rb8 45.c4 g3 46.Kc5 Kg4 47.Nd4 g2 48.Rd1 Kg3 49.b4 Bg4 50.Rc1 Rh8
51.Rg1 Rh1 52.Rxg2+ Kxg2 53.b5 Bc8 54.b6 Ba6 55.Nb5 Rf1 56.Nd6 Rxf6 57.b7 Bxb7
58.Nxb7 Kf3 59.Kd5 Rf5+ 60.Kd4 Rh5 61.Nd6 f5 62.Nxf5 Rxf5 63.c5 Rf4+ 64.Kd5 Rf5+
65.Kd4 Kg4 66.c6 Rf1 67.Ke5 Rc1 68.Kd6 Kf5 69.c7 Rxc7 70.Kxc7  1/2-1/2